Reprezentacje, które wygrały Mundial u siebie - Statystyki

Ogólne statystyki
  • Ten quiz został rozwiązany 585 razy
  • Średni wynik to 5 z 6
Statystyki odpowiedzi
Rok Reprezentacja % Poprawnych
1998 Francja
93%
1974 Niemcy Zachodnie
93%
1978 Argentyna
92%
1930 Urugwaj
92%
1966 Anglia
85%
1934 Włochy
85%
Nie znaleziono quizów pasujących do podanych kryteriów
Rozkład punktacji
Procent ludzi z każdym wynikiem
Percentyl według liczby udzielonych odpowiedzi
Twoja historia wyników
Nie rozwiązałeś tego quizu